000 00835cam a22002411 4500
001 sa 68001455
003 DLC
005 20260227112433.0
008 710903s1967 pk k 000 0 eng
010 _asa 68001455
025 _aPL480:P-E-1208
040 _aDLC
_cDLC
_dDLC
043 _aa-pk---
050 0 0 _aKPL2832
_b.H93 1967
082 0 0 _a340
100 1 _aHyder, M. Shafiuddin.
245 1 0 _aA.B.C. of income tax, 1966-1967;
_ban up-to-date ready reference guide specially written for salaried persons & employers; persons deriving income from interest, dividend & property; income tax practitioners & students,
_c[by] M. Shafiuddin Hyder.
250 _a[1st ed.
260 _aKarachi,
_bPetiwala,
_c1967]
300 _a36 p.
_bforms.
_c22 cm.
350 _aRs2.50
650 0 _aIncome tax
_xLaw and legislation
_zPakistan.
999 _c77960
_d77960